Statistics for Државе на слово У

Click here to take the quiz!

General Stats

  • This quiz has been taken 898 times
  • The average score is 5 of 6

Answer Stats

Држава% Correct
Уједињено Краљевство
90%
Уругвај
89%
Уганда
85%
Украјина
80%
Узбекистан
75%
Уједињени Арапски Емирати
60%

Score Distribution

Percentile by Number Answered

Percent of People with Each Score

Your Score History

You have not taken this quiz